| 000 | 00689cam a22002533a 4500 | ||
|---|---|---|---|
| 001 | 32630 | ||
| 003 | PGUSA | ||
| 005 | 20140828083715.0 | ||
| 008 | 100531s2010||||xxu|||||s|||||000 1 eng d | ||
| 040 |
_aPGUSA _beng |
||
| 042 | _adc | ||
| 050 | 4 | _aPS | |
| 100 | 1 |
_aKeller, David H. _q(David Henry), _d1880-1966 |
|
| 245 | 1 | 0 |
_aTiger Cat _h[electronic resource] / _cDavid H. Keller |
| 260 |
_bProject Gutenberg, _c2010 |
||
| 506 | _aPublic domain in the USA. | ||
| 516 | _aElectronic text | ||
| 653 | _aShort stories | ||
| 653 | _aItaly -- Fiction | ||
| 653 | _aHorror tales | ||
| 830 | 0 |
_aProject Gutenberg _v32630 |
|
| 856 | 4 | 0 | _uhttp://www.gutenberg.org/ebooks/32630 |
| 942 | _cEB | ||
| 999 |
_c261885 _d261885 |
||